[Event "PRO League Pacific 2017"]
[Site "chess.com INT"]
[Date "2017.01.18"]
[Round "2"]
[White "Kavutskiy, Konstantin"]
[Black "Bhat, Vinay S."]
[Result "0-1"]
[WhiteTitle "FM"]
[BlackTitle "GM"]
[WhiteElo "2377"]
[BlackElo "2519"]
[WhiteTeam "San Jose Hackers"]
[BlackTeam "San Francisco Mechanics"]
[WhiteFideId "2026384"]
[BlackFideId "2011352"]
[EventDate "2017.01.11"]

1. d4 d5 2. c4 c6 3. Nf3 Nf6 4. e3 e6 5. Nc3 Nbd7 6. Qc2 b6 7. b3 Bb7 8. Bb2 Bd6
9. Bd3 O-O 10. O-O Rc8 11. Rad1 Qe7 12. Qe2 Rfe8 13. h3 c5 14. cxd5 exd5 15. Ba6
Bxa6 16. Qxa6 Nb8 17. Qb5 Red8 18. Rfe1 Nbd7 19. Qa6 Bb8 20. Nb5 Nf8 21. Ne5 Ne4
22. Nc3 Nxc3 23. Bxc3 cxd4 24. exd4 Rxc3 25. Nc6 Qd6 26. Nxd8 Qh2+ 27. Kf1 Rc2 0-1

[Event "PRO League Pacific 2017"]
[Site "chess.com INT"]
[Date "2017.01.18"]
[Round "2"]
[White "Dreev, Aleksey"]
[Black "Liu, Elliott"]
[Result "1-0"]
[WhiteTitle "GM"]
[BlackTitle "FM"]
[WhiteElo "2651"]
[BlackElo "2284"]
[WhiteTeam "San Diego Surfers"]
[BlackTeam "Las Vegas Desert Rats"]
[WhiteFideId "4100107"]
[BlackFideId "2019850"]
[EventDate "2017.01.11"]

1. d4 Nf6 2. Nf3 g6 3. g3 Bg7 4. Bg2 O-O 5. O-O d5 6. c4 Nc6 7. Nbd2 dxc4 8.
Nxc4 Be6 9. Nce5 Bd5 10. Bf4 Nh5 11. Be3 Nxe5 12. dxe5 Bxf3 13. Bxf3 Bxe5 14.
Qb3 c6 15. Qxb7 Rb8 16. Qxa7 Bxb2 17. Rad1 Qe8 18. Qc5 Rb5 19. Qxc6 Ra5 20. a4
Rxa4 21. Qxe8 Rxe8 22. Bc6 Raa8 23. Rd2 Bf6 24. Rfd1 e6 25. g4 Ng7 26. Bh6 g5
27. Bxa8 Rxa8 28. Rd7 1-0

[Event "PRO League Pacific 2017"]
[Site "chess.com INT"]
[Date "2017.01.18"]
[Round "2"]
[White "Dreev, Aleksey"]
[Black "Troff, Kayden W"]
[Result "1-0"]
[WhiteTitle "GM"]
[BlackTitle "GM"]
[WhiteElo "2651"]
[BlackElo "2511"]
[WhiteTeam "San Diego Surfers"]
[BlackTeam "Las Vegas Desert Rats"]
[WhiteFideId "4100107"]
[BlackFideId "2047896"]
[EventDate "2017.01.11"]

1. d4 Nf6 2. Nf3 g6 3. g3 Bg7 4. Bg2 O-O 5. O-O d5 6. c4 c6 7. Qb3 dxc4 8. Qxc4
Bf5 9. Nc3 Nbd7 10. Re1 Ne4 11. Qb3 Nb6 12. Bf4 Rc8 13. Rad1 Nxc3 14. bxc3 Be6
15. Qc2 Qd5 16. Ra1 Qa5 17. e4 Bc4 18. Be5 Qa4 19. Qb2 Bb5 20. Bxg7 Kxg7 21. Ne5
Rfd8 22. Qc1 Nc4 23. Ng4 h5 24. Qh6+ Kg8 25. Ne3 Qa3 26. e5 e6 27. g4 Qf8 28.
Qg5 Nxe3 29. Rxe3 hxg4 30. Qxg4 Qe7 31. Rae1 Kg7 32. Rf3 Rh8 33. Rf6 Bd3 34. Qg5
Rce8 35. Bf3 Bf5 36. h4 Rh6 37. Kg2 Qd8 38. Kg3 Reh8 39. Rh1 Qe8 40. c4 Kf8 41.
h5 Qe7 42. hxg6 Rxh1 43. g7+ Ke8 44. g8=Q+ Rxg8 45. Qxg8+ Qf8 46. Qxf8+ Kxf8 47.
Bxh1 1-0

[Event "PRO League Pacific 2017"]
[Site "chess.com INT"]
[Date "2017.01.18"]
[Round "2"]
[White "Liu, Elliott"]
[Black "Sheng, Joshua"]
[Result "1-0"]
[WhiteTitle "FM"]
[BlackTitle "IM"]
[WhiteElo "2284"]
[BlackElo "2372"]
[WhiteTeam "Las Vegas Desert Rats"]
[BlackTeam "San Diego Surfers"]
[WhiteFideId "2019850"]
[BlackFideId "2057360"]
[EventDate "2017.01.11"]

1. e4 e5 2. Nf3 Nc6 3. Bc4 Nf6 4. d3 Be7 5. c3 O-O 6. Bb3 d6 7. Nbd2 h6 8. O-O
Na5 9. Bc2 c5 10. Re1 Re8 11. Nf1 Nc6 12. Ng3 Bf8 13. h3 g6 14. d4 exd4 15. cxd4
cxd4 16. Nxd4 Bg7 17. Nf3 d5 18. e5 Nh7 19. Bf4 g5 20. Bxh7+ Kxh7 21. Nxg5+ hxg5
22. Qh5+ Bh6 23. Bxg5 Qxg5 24. Qxf7+ Bg7 25. Qxe8 Nxe5 26. h4 Qf6 27. Nh5 Nf3+
28. gxf3 Qxf3 29. Re3 1-0

[Event "PRO League Pacific 2017"]
[Site "chess.com INT"]
[Date "2017.01.18"]
[Round "2"]
[White "Liu, Elliott"]
[Black "Kiewra, Keaton F"]
[Result "1/2-1/2"]
[WhiteTitle "FM"]
[BlackTitle "IM"]
[WhiteElo "2284"]
[BlackElo "2429"]
[WhiteTeam "Las Vegas Desert Rats"]
[BlackTeam "San Diego Surfers"]
[WhiteFideId "2019850"]
[BlackFideId "2019280"]
[EventDate "2017.01.11"]

1. e4 c5 2. Nf3 e6 3. d4 cxd4 4. Nxd4 Nc6 5. Nc3 a6 6. Nxc6 bxc6 7. Bd3 d5 8.
O-O Nf6 9. Qe2 Be7 10. b3 O-O 11. Bb2 Bb7 12. Rad1 Qc7 13. Rfe1 Rfe8 14. Na4 c5
15. exd5 Nxd5 16. Qg4 g6 17. Rxe6 Qf4 1/2-1/2

[Event "PRO League Pacific 2017"]
[Site "chess.com INT"]
[Date "2017.01.18"]
[Round "2"]
[White "Izoria, Zviad"]
[Black "Taghizadeh, Rayan"]
[Result "1-0"]
[WhiteTitle "GM"]
[BlackTitle "FM"]
[WhiteElo "2604"]
[BlackElo "2317"]
[WhiteTeam "San Jose Hackers"]
[BlackTeam "San Francisco Mechanics"]
[WhiteFideId "13601733"]
[BlackFideId "2054019"]
[EventDate "2017.01.11"]

1. Nf3 Nf6 2. c4 b6 3. Nc3 Bb7 4. d4 e6 5. a3 d5 6. cxd5 Nxd5 7. e3 Be7 8. Bb5+
c6 9. Bd3 Nxc3 10. bxc3 O-O 11. Qc2 h6 12. O-O c5 13. Qe2 Qc8 14. Bb2 Nd7 15.
Rad1 Qc7 16. e4 Rfd8 17. Nd2 e5 18. d5 Nf8 19. a4 Ng6 20. g3 Bc8 21. Bb5 Bh3 22.
Rfe1 Rf8 23. Nc4 Rad8 24. a5 Kh7 25. axb6 axb6 26. Ra1 f5 27. exf5 Rxf5 28. Ne3
Rg5 29. Bd3 Bd6 30. c4 Qf7 31. Ra6 Rb8 32. Ng2 Kh8 33. Bc1 Nf4 34. Bxf4 exf4 35.
Nh4 fxg3 36. hxg3 Bc7 37. Qe4 Bxg3 38. Qh7# 1-0

[Event "PRO League Pacific 2017"]
[Site "chess.com INT"]
[Date "2017.01.18"]
[Round "2"]
[White "Xu, Grant Y"]
[Black "Bartholomew, John"]
[Result "1/2-1/2"]
[BlackTitle "IM"]
[WhiteElo "2193"]
[BlackElo "2447"]
[WhiteTeam "Pittsburgh Pawngrabbers"]
[BlackTeam "Minnesota Blizzard"]
[WhiteFideId "2052318"]
[BlackFideId "2019353"]
[EventDate "2017.01.11"]

1. e4 c5 2. d4 cxd4 3. c3 d3 4. Bxd3 Nc6 5. c4 g6 6. Nf3 Bg7 7. O-O d6 8. h3 Nf6
9. Nc3 O-O 10. Be3 Nd7 11. Rc1 b6 12. b3 Bb7 13. Bb1 Rc8 14. Qd2 Re8 15. Nh2 Nc5
16. f4 Nb8 17. Bd4 e5 18. Bxc5 dxc5 19. Nd5 Bxd5 20. cxd5 Nc6 21. f5 Nd4 22.
fxg6 fxg6 23. Ng4 Qh4 24. Kh2 Rf8 25. g3 Qe7 26. Kg2 h5 27. Nh2 Kh7 28. Rxf8
Rxf8 29. Rf1 Bh6 30. Qe1 Rxf1 31. Qxf1 Qg5 32. Nf3 Nxf3 33. Qxf3 Qc1 34. Bd3
Qd2+ 35. Qe2 Qc1 36. d6 Be3 37. h4 Qg1+ 38. Kf3 Bh6 39. d7 Qh1+ 40. Qg2 Qd1+ 41.
Qe2 Qh1+ 42. Kf2 Qh2+ 43. Kf3 Qh1+ 1/2-1/2

[Event "PRO League Pacific 2017"]
[Site "chess.com INT"]
[Date "2017.01.18"]
[Round "2"]
[White "Xu, Grant Y"]
[Black "Flores Rios, Mauricio"]
[Result "0-1"]
[BlackTitle "GM"]
[WhiteElo "2193"]
[BlackElo "2529"]
[WhiteTeam "Pittsburgh Pawngrabbers"]
[BlackTeam "Minnesota Blizzard"]
[WhiteFideId "2052318"]
[BlackFideId "3408027"]
[EventDate "2017.01.11"]

1. e4 c5 2. d4 cxd4 3. c3 dxc3 4. Nxc3 e6 5. Nf3 a6 6. Bc4 b5 7. Bb3 Bb7 8. O-O
b4 9. Nd5 exd5 10. exd5 d6 11. Re1+ Be7 12. Qd4 Kf8 13. Qxb4 Bc8 14. Bf4 a5 15.
Qa3 g5 16. Nxg5 Bxg5 17. Bxg5 Qxg5 18. Qxd6+ Kg7 19. Re8 Nd7 20. Re3 Ndf6 21.
Qc6 Rb8 22. Qc7 Ra8 23. Qc6 Rb8 24. Qc7 Rxb3 25. axb3 Nxd5 26. Rxa5 Qxe3 27.
fxe3 Nxc7 28. Rc5 Nf6 29. Rxc7 Nd5 30. Ra7 Nxe3 31. Kf2 Nd5 32. Ra5 Be6 0-1

[Event "PRO League Pacific 2017"]
[Site "chess.com INT"]
[Date "2017.01.18"]
[Round "2"]
[White "Sheng, Joshua"]
[Black "Hernandez, Albert"]
[Result "1-0"]
[WhiteTitle "IM"]
[WhiteElo "2372"]
[BlackElo "2211"]
[WhiteTeam "San Diego Surfers"]
[BlackTeam "Las Vegas Desert Rats"]
[WhiteFideId "2057360"]
[BlackFideId "2022745"]
[EventDate "2017.01.11"]

1. e4 c5 2. Nf3 d6 3. d4 cxd4 4. Nxd4 Nf6 5. Nc3 g6 6. Be3 Bg7 7. f3 a6 8. Qd2
h5 9. Be2 Nbd7 10. O-O Qc7 11. a4 Ne5 12. a5 Bd7 13. Na4 Bxa4 14. Rxa4 Rc8 15.
c4 O-O 16. Rc1 Nfd7 17. b4 e6 18. Nb3 f5 19. exf5 exf5 20. Ra2 Rce8 21. Rac2 Nf7
22. c5 Kh7 23. c6 Nde5 24. Bb6 Qe7 25. c7 Rc8 26. f4 Nc6 27. Bxa6 Nxb4 28. Bxb7
Nxc2 29. Bxc8 Rxc8 30. Qxc2 d5 31. Qc5 Qe6 32. Qc6 Nd6 33. a6 d4 34. Rf1 Qe3+
35. Kh1 Ne4 36. Qc2 Nf2+ 37. Qxf2 Qxb3 38. Bxd4 Bxd4 39. Qxd4 Rxc7 40. a7 Qb7
41. Ra1 Qa8 42. Qb6 1-0

[Event "PRO League Pacific 2017"]
[Site "chess.com INT"]
[Date "2017.01.18"]
[Round "2"]
[White "Sheng, Joshua"]
[Black "Pakleza, Zbigniew"]
[Result "1-0"]
[WhiteTitle "IM"]
[BlackTitle "GM"]
[WhiteElo "2372"]
[BlackElo "2480"]
[WhiteTeam "San Diego Surfers"]
[BlackTeam "Las Vegas Desert Rats"]
[WhiteFideId "2057360"]
[BlackFideId "1119290"]
[EventDate "2017.01.11"]

1. e4 d6 2. d4 Nf6 3. Nc3 c6 4. f4 Qb6 5. e5 Nd5 6. Nxd5 cxd5 7. Bd3 Nc6 8. c3
g6 9. Qf3 Be6 10. Nh3 h6 11. exd6 exd6 12. f5 gxf5 13. Bxf5 O-O-O 14. O-O Kb8
15. Bxe6 fxe6 16. Qf6 Be7 17. Qxe6 Qb5 18. Nf4 Bg5 19. Qxd5 Qb6 20. Qb3 Qa6 21.
Ne6 Bxc1 22. Raxc1 Rd7 23. Rf5 Qe2 24. Rcf1 a6 25. d5 Ne7 26. R5f2 Qe5 27. c4
Nc8 28. c5 Ka8 29. c6 bxc6 30. dxc6 Re7 31. Nf8 Rg7 32. Nd7 Qb5 33. Qxb5 axb5
34. Rf8 Rgg8 35. Nb6+ Kb8 36. R1f7 1-0

[Event "PRO League Pacific 2017"]
[Site "chess.com INT"]
[Date "2017.01.18"]
[Round "2"]
[White "Troff, Kayden W"]
[Black "Sheng, Joshua"]
[Result "1-0"]
[WhiteTitle "GM"]
[BlackTitle "IM"]
[WhiteElo "2511"]
[BlackElo "2372"]
[WhiteTeam "Las Vegas Desert Rats"]
[BlackTeam "San Diego Surfers"]
[WhiteFideId "2047896"]
[BlackFideId "2057360"]
[EventDate "2017.01.11"]

1. d4 d5 2. c4 c6 3. Nf3 Nf6 4. Nc3 e6 5. e3 Nbd7 6. Qc2 Bd6 7. Bd3 O-O 8. O-O
dxc4 9. Bxc4 b5 10. Be2 Bb7 11. Rd1 Qc7 12. e4 e5 13. Bg5 Rfe8 14. Rac1 Rac8 15.
Qd2 Bb4 16. dxe5 Nxe5 17. Bxf6 Nxf3+ 18. Bxf3 gxf6 19. Bg4 Rcd8 20. Qh6 Bf8 21.
Qxf6 Bg7 22. Qf3 b4 23. Nd5 Qe5 24. Ne3 Rxd1+ 25. Rxd1 Qxe4 26. Qxe4 Rxe4 27.
Rd7 Ba6 28. Rxa7 Bb5 29. Ra8+ Bf8 30. g3 Rd4 31. h4 Rd2 32. b3 Bd3 33. Bf5 Bxf5
34. Nxf5 f6 35. Rc8 c5 36. Ra8 Kf7 37. Ne3 Rxa2 38. Rxa2 1-0

[Event "PRO League Pacific 2017"]
[Site "chess.com INT"]
[Date "2017.01.18"]
[Round "2"]
[White "Troff, Kayden W"]
[Black "Kiewra, Keaton F"]
[Result "1-0"]
[WhiteTitle "GM"]
[BlackTitle "IM"]
[WhiteElo "2511"]
[BlackElo "2429"]
[WhiteTeam "Las Vegas Desert Rats"]
[BlackTeam "San Diego Surfers"]
[WhiteFideId "2047896"]
[BlackFideId "2019280"]
[EventDate "2017.01.11"]

1. d4 d5 2. c4 e6 3. Nf3 Nf6 4. g3 Be7 5. Bg2 O-O 6. O-O dxc4 7. Qc2 a6 8. a4
Bd7 9. Rd1 Bc6 10. Nc3 Bxf3 11. Bxf3 Nc6 12. Bxc6 bxc6 13. Bg5 Rb8 14. e3 a5 15.
Qe2 Nd5 16. Bxe7 Qxe7 17. Qxc4 Rxb2 18. Qxc6 Qf6 19. Rf1 Nb4 20. Qxc7 Nd3 21.
Nd1 Rb3 22. Qc2 Rfb8 23. Nc3 Nb2 24. Nb5 Rb4 25. Rab1 Nxa4 26. Rxb4 axb4 27.
Qxa4 Qf5 28. Na7 e5 29. Nc6 Qd7 30. Ra1 1-0

[Event "PRO League Pacific 2017"]
[Site "chess.com INT"]
[Date "2017.01.18"]
[Round "2"]
[White "Kiewra, Keaton F"]
[Black "Hernandez, Albert"]
[Result "1/2-1/2"]
[WhiteTitle "IM"]
[WhiteElo "2429"]
[BlackElo "2211"]
[WhiteTeam "San Diego Surfers"]
[BlackTeam "Las Vegas Desert Rats"]
[WhiteFideId "2019280"]
[BlackFideId "2022745"]
[EventDate "2017.01.11"]

1. d4 c5 2. d5 Nf6 3. Nc3 g6 4. e4 d6 5. Be2 Bg7 6. Nf3 O-O 7. O-O a6 8. a4 b6
9. h3 Nbd7 10. Bf4 Ne8 11. Re1 Rb8 12. Bf1 Nc7 13. Qd2 b5 14. axb5 axb5 15. Bh6
b4 16. Bxg7 Kxg7 17. Nd1 Nf6 18. Bc4 Re8 19. Qd3 Bb7 20. Ne3 e6 21. Rad1 exd5
22. Nxd5 Ncxd5 23. exd5 Rxe1+ 24. Rxe1 Qf8 25. c3 Bc8 26. g4 h5 27. g5 Nh7 28.
Kh2 Bf5 29. Qe3 Qd8 30. Qe7 bxc3 31. Qxd8 Rxd8 32. bxc3 Kf8 33. Bb5 Bd7 34. Bxd7
Rxd7 35. Ra1 Re7 36. Ra6 Rd7 37. Kg3 f6 38. h4 fxg5 39. hxg5 Ke7 40. Ra8 Rd8 41.
Ra7+ Rd7 42. Ra1 Rb7 43. Re1+ Kd7 44. Re6 Nf8 45. Rf6 Ke7 46. Nh4 Rb3 47. Nxg6+
Nxg6 48. Rxg6 Rxc3+ 49. f3 Rd3 50. Re6+ Kd7 51. Rh6 Rxd5 52. Rxh5 c4 53. Kg4 c3
54. Rh1 c2 55. Rc1 Rc5 56. f4 Ke6 57. Kf3 Kf5 58. Ke3 Rc7 59. Kd4 Kxf4 60. g6
Kf5 61. Kd5 Kxg6 62. Kxd6 Rc3 63. Kd5 Kf5 64. Kd4 Rc8 65. Kd3 Ke5 66. Rxc2 Rxc2
67. Kxc2 1/2-1/2

[Event "PRO League Pacific 2017"]
[Site "chess.com INT"]
[Date "2017.01.18"]
[Round "2"]
[White "Kiewra, Keaton F"]
[Black "Pakleza, Zbigniew"]
[Result "1-0"]
[WhiteTitle "IM"]
[BlackTitle "GM"]
[WhiteElo "2429"]
[BlackElo "2480"]
[WhiteTeam "San Diego Surfers"]
[BlackTeam "Las Vegas Desert Rats"]
[WhiteFideId "2019280"]
[BlackFideId "1119290"]
[EventDate "2017.01.11"]

1. d4 d5 2. c4 c6 3. Nf3 Nf6 4. cxd5 cxd5 5. Nc3 Nc6 6. Ne5 e6 7. Nxc6 bxc6 8.
g3 c5 9. Bg2 Be7 10. O-O Bb7 11. b3 O-O 12. dxc5 Bxc5 13. Bb2 e5 14. Rc1 Rc8 15.
Na4 Bd6 16. Rxc8 Qxc8 17. Qd2 Qf5 18. Nc3 Qe6 19. Rd1 e4 20. Nb5 Bb8 21. Rc1 h6
22. Nd4 Qd7 23. e3 h5 24. Ne2 Qf5 25. Nf4 Rd8 26. Qb4 Ba8 27. h4 Kh7 28. Bh3 Ng4
29. Qe7 Bxf4 30. gxf4 Qd7 31. Rc7 Qxe7 32. Rxe7 Bc6 33. Rxf7 Rd7 34. Rxd7 Bxd7
35. Bd4 a6 36. Bf1 Bc8 37. b4 Nh6 38. a4 Nf5 39. Be2 Kg6 40. b5 Nxd4 41. exd4 a5
42. Kh2 Kh6 43. b6 Kg6 44. Bb5 Bb7 45. Kg3 Kf6 46. Be8 g6 47. Bb5 Kf5 48. Bd7+
Kf6 49. Kg2 Ke7 50. Bb5 Kf6 51. f3 e3 52. Bd3 Ke7 53. Kf1 Bc6 54. Bc2 Kd7 55.
Ke2 Kc8 56. Kxe3 Kb7 57. Bxg6 Bxa4 58. Kd2 Kxb6 59. Kc3 Kc7 60. Bxh5 Kd6 61. Bg6
Ke7 62. h5 Kf6 63. f5 Kg7 64. Kb2 Bd1 65. f4 Ba4 66. Ka3 Bd1 67. Be8 Bc2 68. Bc6
Be4 69. Ka4 Kf6 70. h6 Bxf5 71. Bxd5 Kg6 72. Kxa5 Kxh6 73. Kb6 Kg6 74. Kc7 Kf6
75. Bf3 Ke7 76. d5 Kf6 77. d6 Be6 78. Bc6 Kf5 79. Bd7 Kxf4 80. Bxe6 Ke5 81. d7 1-0

[Event "PRO League Pacific 2017"]
[Site "chess.com INT"]
[Date "2017.01.18"]
[Round "2"]
[White "Ke, Ivan"]
[Black "Coleman, Teddy"]
[Result "1-0"]
[BlackTitle "IM"]
[WhiteElo "2058"]
[BlackElo "2385"]
[WhiteTeam "San Jose Hackers"]
[BlackTeam "San Francisco Mechanics"]
[WhiteFideId "30914477"]
[BlackFideId "2022010"]
[EventDate "2017.01.11"]

1. d4 g6 2. c4 Bg7 3. Nf3 c5 4. d5 d6 5. g3 e6 6. Bg2 Ne7 7. e4 exd5 8. cxd5 Nd7
9. O-O a6 10. a4 Rb8 11. a5 O-O 12. Nbd2 b5 13. axb6 Nxb6 14. Nb3 h6 15. Re1 f5
16. e5 Nexd5 17. exd6 c4 18. Na5 c3 19. Nh4 cxb2 20. Bxb2 Qxd6 21. Nc4 Qd8 22.
Nxg6 Rf7 23. Nxb6 Qxb6 24. Bxg7 Kxg7 25. Bxd5 Qxg6 26. Bxf7 Qxf7 27. Qd6 Rb7 28.
Rxa6 1-0

[Event "PRO League Pacific 2017"]
[Site "chess.com INT"]
[Date "2017.01.18"]
[Round "2"]
[White "Raptis, Nick"]
[Black "Feng, Roland"]
[Result "1/2-1/2"]
[WhiteTitle "FM"]
[BlackTitle "FM"]
[WhiteElo "2262"]
[BlackElo "2338"]
[WhiteTeam "Portland Rain"]
[BlackTeam "Seattle Sluggers"]
[WhiteFideId "2016850"]
[BlackFideId "2060086"]
[EventDate "2017.01.11"]

1. Nf3 Nf6 2. g3 e6 3. Bg2 Be7 4. O-O O-O 5. c4 d5 6. d4 dxc4 7. Qc2 a6 8. Qxc4
b5 9. Qc2 Bb7 10. Bf4 Nc6 11. Nc3 Nb4 12. Qb3 Nbd5 13. Rfd1 b4 14. Nxd5 Bxd5 15.
Qc2 Rc8 16. Rac1 c5 17. dxc5 Bxc5 18. Qa4 Qb6 19. e3 a5 20. Ne5 Bxg2 21. Kxg2 h6
22. Nd7 Qb7+ 23. Kg1 Nxd7 24. Rxd7 Qe4 25. Qd1 e5 26. Qd5 Qxd5 27. Rxd5 exf4 28.
Rdxc5 Rxc5 29. Rxc5 fxe3 30. fxe3 Rd8 31. Rxa5 Rd1+ 32. Kg2 Rd2+ 33. Kf3 Rxb2
34. h4 f6 35. h5 b3 36. axb3 Rxb3 1/2-1/2

[Event "PRO League Pacific 2017"]
[Site "chess.com INT"]
[Date "2017.01.18"]
[Round "2"]
[White "Raptis, Nick"]
[Black "He, Anthony B"]
[Result "1/2-1/2"]
[WhiteTitle "FM"]
[WhiteElo "2262"]
[BlackElo "2183"]
[WhiteTeam "Portland Rain"]
[BlackTeam "Seattle Sluggers"]
[WhiteFideId "2016850"]
[BlackFideId "2088215"]
[EventDate "2017.01.11"]

1. d4 Nf6 2. Nf3 g6 3. c4 Bg7 4. Nc3 d5 5. cxd5 Nxd5 6. e4 Nxc3 7. bxc3 c5 8.
Rb1 O-O 9. Be2 cxd4 10. cxd4 Bg4 11. Rxb7 Bxf3 12. Bxf3 Bxd4 13. O-O Nc6 14. Bh6
Qc8 15. Qb1 Rd8 16. Bf4 Qe6 17. h3 Be5 18. Bg4 Qf6 19. Bxe5 Nxe5 20. Rd1 Nxg4
21. hxg4 Qe6 22. Rxd8+ Rxd8 23. Rb8 Qd6 24. Rxd8+ Qxd8 25. f3 Qd4+ 26. Kh1 Kg7
27. Qb3 e6 28. Kh2 Qe5+ 29. Kh1 Qa1+ 30. Kh2 Qe5+ 31. Kh3 Qa1 32. Kh2 Qe5+ 1/2-1/2

[Event "PRO League Pacific 2017"]
[Site "chess.com INT"]
[Date "2017.01.18"]
[Round "2"]
[White "Ramirez, Alejandro"]
[Black "Nyzhnyk, Illya"]
[Result "1-0"]
[WhiteTitle "GM"]
[BlackTitle "GM"]
[WhiteElo "2555"]
[BlackElo "2616"]
[WhiteTeam "St Louis Arch Bishops"]
[BlackTeam "Webster Windmills"]
[WhiteFideId "6500617"]
[BlackFideId "14118084"]
[EventDate "2017.01.11"]

1. Nf3 Nf6 2. c4 c6 3. d4 d5 4. Qb3 g6 5. Nc3 Bg7 6. Bf4 O-O 7. e3 a6 8. cxd5
Nxd5 9. Nxd5 cxd5 10. Bd3 Qa5+ 11. Qc3 Qxc3+ 12. bxc3 Bf5 13. Kd2 Nc6 14. Rhb1
Bxd3 15. Kxd3 f6 16. Bc7 e5 17. Nd2 Rf7 18. Bd6 Rd8 19. Bc5 f5 20. f4 exf4 21.
exf4 Bf8 22. Bxf8 Kxf8 23. Rb6 Rc7 24. Nb3 Re8 25. Rf1 Rce7 26. Rf2 Kg7 27. g3
Kh6 28. Kd2 Kh5 29. h3 h6 30. Nc1 Na5 31. g4+ Kh4 32. Rxg6 Kg3 33. Nd3 Nc4+ 34.
Kd1 Ne3+ 35. Kd2 fxg4 36. f5 h5 37. hxg4 hxg4 38. f6 Nc4+ 39. Kc1 Re3 40. f7 Rf8
41. Rf4 Rxd3 42. Rgxg4+ Kh3 43. Rg8 Rxc3+ 44. Kd1 Nb2+ 45. Kd2 Rcc8 46. Rf3+ Kh4
47. Rf1 Rxg8 48. fxg8=Q Rxg8 49. Rh1+ Kg5 50. Rg1+ Kf6 51. Rxg8 Nc4+ 52. Kc3 a5
53. Re8 Kf5 54. Kb3 b5 55. Kc3 Kf4 56. Kd3 Nb2+ 57. Kc2 Nc4 58. Kc3 b4+ 59. Kb3
Kf3 60. Re6 Kf4 61. Ka4 Kf5 62. Re8 Kf4 63. Re7 Kf3 64. Kb5 Kf4 65. Kc5 Ne3 66.
Ra7 Ke4 67. Rxa5 Nc2 68. Rb5 Kd3 69. Kxd5 Kc3 70. Rc5+ Kd3 71. Rxc2 1-0

[Event "PRO League Pacific 2017"]
[Site "chess.com INT"]
[Date "2017.01.18"]
[Round "2"]
[White "Flores Rios, Mauricio"]
[Black "Perelshteyn, Eugene"]
[Result "1-0"]
[WhiteTitle "GM"]
[BlackTitle "GM"]
[WhiteElo "2529"]
[BlackElo "2508"]
[WhiteTeam "Minnesota Blizzard"]
[BlackTeam "Pittsburgh Pawngrabbers"]
[WhiteFideId "3408027"]
[BlackFideId "2012529"]
[EventDate "2017.01.11"]

1. d4 Nf6 2. c4 g6 3. Nc3 Bg7 4. e4 d6 5. Nf3 O-O 6. h3 Na6 7. Bg5 h6 8. Be3 e5
9. d5 Nc5 10. Nd2 a5 11. Be2 Bd7 12. b3 c6 13. O-O Qb8 14. a3 cxd5 15. cxd5 Rc8
16. Qb1 Ne8 17. Rc1 f5 18. f3 Nf6 19. b4 axb4 20. axb4 Rxa1 21. Qxa1 Na6 22. Qa3
Nh5 23. Nc4 Ng3 24. Bd3 fxe4 25. fxe4 Be8 26. Nb6 Rc7 27. Bxa6 bxa6 28. Qxa6 Ra7
29. Qd3 Ra3 30. Kh2 Nh5 31. Qd2 Kh7 32. Nc4 Rb3 33. Na5 Ra3 34. Nc6 Qa8 35. Nb5
Ra2 36. Rc2 Rxc2 37. Qxc2 Bf8 38. Nc7 Qc8 39. Nxe8 Qxe8 40. b5 g5 41. b6 Qf7 42.
Qb2 g4 43. b7 Qf1 44. hxg4 Nf6 45. Qc1 Nxg4+ 46. Kg3 Qe2 47. Qd2 Qf1 48. b8=Q h5
49. Qc8 1-0

[Event "PRO League Pacific 2017"]
[Site "chess.com INT"]
[Date "2017.01.18"]
[Round "2"]
[White "Flores Rios, Mauricio"]
[Black "Heimann, Alexander C"]
[Result "1-0"]
[WhiteTitle "GM"]
[WhiteElo "2529"]
[BlackElo "2271"]
[WhiteTeam "Minnesota Blizzard"]
[BlackTeam "Pittsburgh Pawngrabbers"]
[WhiteFideId "3408027"]
[BlackFideId "2006073"]
[EventDate "2017.01.11"]

1. d4 e6 2. c4 f5 3. Nf3 Nf6 4. g3 c6 5. Bg2 d5 6. O-O Bd6 7. b3 Qe7 8. Bb2 O-O
9. Qc1 b6 10. Ba3 Ba6 11. Bxd6 Qxd6 12. Qa3 Qxa3 13. Nxa3 Nbd7 14. Rac1 Rac8 15.
Rfd1 Ne4 16. e3 Kf7 17. Bf1 Ke7 18. cxd5 Bxf1 19. d6+ Nxd6 20. Kxf1 c5 21. Ke2
cxd4 22. Nxd4 Nc5 23. b4 Nce4 24. Nc6+ Kd7 25. Nc4 Kc7 26. Nxa7 1-0

[Event "PRO League Pacific 2017"]
[Site "chess.com INT"]
[Date "2017.01.18"]
[Round "2"]
[White "Leon Hoyos, Manuel"]
[Black "Rosenthal, Nicholas"]
[Result "1-0"]
[WhiteTitle "GM"]
[WhiteElo "2475"]
[BlackElo "2156"]
[WhiteTeam "Webster Windmills"]
[BlackTeam "St Louis Arch Bishops"]
[WhiteFideId "5105269"]
[BlackFideId "2045150"]
[EventDate "2017.01.11"]

1. c4 c5 2. g3 g6 3. Bg2 Bg7 4. Nc3 Nc6 5. a3 d6 6. Rb1 Nf6 7. b4 O-O 8. d3 e6
9. Nf3 d5 10. cxd5 Nxd5 11. Nxd5 exd5 12. O-O cxb4 13. axb4 Re8 14. b5 Ne7 15.
Bb2 Bg4 16. Bxg7 Kxg7 17. Qa4 Bd7 18. Qb3 Qb6 19. Qb2+ f6 20. Nd4 Nf5 21. Nxf5+
Bxf5 22. Bxd5 h5 23. h4 Re5 24. Bf3 Bd7 25. Qa3 g5 26. d4 Re6 27. hxg5 fxg5 28.
Qc5 Qxc5 29. dxc5 Rb8 30. Bxh5 Re5 31. Rfd1 Be6 32. Bf3 Rxc5 33. b6 a6 34. Rdc1
Rf5 35. Rc7+ Rf7 36. Rbc1 a5 37. R1c5 g4 38. Rxf7+ Kxf7 39. Bd5 Re8 40. Rxa5
Bxd5 41. Rxd5 Rxe2 42. Rd7+ Ke6 43. Rxb7 Rb2 44. Rb8 Kd7 45. Kg2 Rb4 46. Kf1 Kc6
47. Ke2 Rb3 48. Rg8 Rb2+ 49. Ke3 Rb4 50. Rg6+ Kb7 51. Rf6 Rb2 52. Ke4 Re2+ 53.
Kd3 Rb2 54. Ke3 Rc2 55. Rf4 Kxb6 56. Rxg4 Kc6 57. Rd4 Rc3+ 58. Ke4 Rc2 59. f4
Rg2 60. Kf3 Rg1 61. g4 Kc5 62. Rd8 1-0